Deutschland: Geografie mit P - Statistiken

Allgemein
  • Dieses Quiz wurde 363 mal gespielt
  • Das Durchschnittsergebnis liegt bei 6 aus 12
Antwortstatistiken
Hinweis Antwort % Korrekt
Landshauptstadt von Brandenburg Potsdam
99%
Donau, Inn und Ilz machen diese Stadt zur "Dreiflüssestadt" Passau
83%
Die katholische Hauptkirche dieser ostwestfälischen Großstadt ist der Hohe Dom St. Maria, St. Liborius, St. Kilian Paderborn
75%
Mittelgebirgslandschaft bei Kaiserslautern, die das größte zusammenhängende Waldgebiete Deutschlands ist {Pfälzer} Wald
55%
Kreisstadt in Schleswig-Holstein am gleichnamigen See, in der sich der Sitz des Max-Planck-Instituts für Evolutionsbiologie befindet Plön
46%
Nordfriesische Insel, die aus der ehemaligen Insel Strand entstanden ist, die 1634 bei einer Sturmflut zerstört wurde Pellworm
43%
Fluss durch Nürnberg, der sich in Fürth mit der Rednitz zur Regnitz vereint Pegnitz
42%
Bezirk im mittleren Norden Berlins, zu dem auch Prenzlauer Berg gehört Pankow
39%
Obwohl diese niedersächsische Stadt nicht am Meer liegt, werden dort große Kreuzfahrtschiffe gebaut Papenburg
37%
Flächenmäßig größter Stadtbezirk Kölns, der auf der rechten Rheinseite liegt und bis 1975 eine eigenständige Stadt war Porz
36%
Ostseeinsel vor der Küste von Wismar, die ca. 2500 Einwohner hat Poel
33%
Kurstadt im Weserbergland, in der sich der größte Palmengarten unter freiem Himmel nördlich der Alpen befindet Bad {Pyrmont}
32%
Keine übereinstimmenden Quizze gefunden
Verteilung der Resultate
Anzahl Personen mit jedem Resultat
Perzentil nach korrekt beantworteten Fragen
Ihre Resultats-Entwicklung
Sie haben dieses Quiz noch nicht gespielt